Most Popular Songs in USA 6/21/2025 - Statistics

General Stats
  • This quiz has been taken 10 times
  • The average score is 9 of 15
Answer Stats
Rank Artist (Version) Answer Streams Radio Airplay Sales % Correct
10. Benson Boone Beautiful Things 14.3 Million 31.4 Million 2.5 Thousand
90%
1. Sabrina Carpenter Manchild 27.3 Million 13.8 Million 21 Thousand
90%
8. Lad GaGa, Bruno Mars Die With A Smile 13 Million 47.9 Million 2 Thousand
80%
2. Alex Warren Ordinary 21 Million 53.7 Million 7 Thousand
80%
12. Drake Nokia 12.6 Million 25.2 Million 1.5 Thousand
70%
11. Chappell Roan Pink Pony Club 12 Million 31.8 Million 5 Thousand
70%
7. Shaboozey A Bar Song (Tipsy) 15.4 Million 42.7 Million 3 Thousand
60%
13. Doechii Anxiety 6.5 Million 60.2 Million 2 Thousand
60%
9. Teddy Swims Lose Control 16.8 Million 33.3 Million 2 Thousand
60%
5. Kendrick Lamar, SZA Luther 14.8 Million 56.4 Million 1 Thousand
60%
14. Leon Thomas Mutt 11.1 Million 33.8 Million 1.5 Thousand
40%
3. Morgan Wallen, Tate McRae What I Want 22.1 Million 12.7 Million 2 Thousand
40%
15. Post Malone, Morgan Wallen I Had Some Help 12.7 Million 27.5 Million 1.5 Thousand
30%
6. Morgan Wallen I'm The Problem 18.9 Million 28.2 Million 2.5 Thousand
30%
4. Morgan Wallen Just In Case 20.8 Million 21.4 Million 2 Thousand
30%
No matching quizzes found
Score Distribution
Percent of People with Each Score
Percentile by Number Answered
Your Score History
You have not taken this quiz